| 000 | 00427nam a2200145Ia 4500 | ||
|---|---|---|---|
| 008 | 231129s2000||||xx |||||||||||||| ||spa|| | ||
| 020 | _a958-33-1657-1 | ||
| 040 | _bspa | ||
| 082 | _aCo863.44 G463p | ||
| 100 | _aGil Montoya Rigoberto | ||
| 245 | 0 | _aPerros de paja | |
| 260 | _c2000 | ||
| 264 | _aRisaralda Colombia: Fondo Editorial del Risaralda; Cine Club Borges | ||
| 942 |
_2ddc _cBKS |
||
| 999 |
_c22702 _d22702 |
||